| 000 | 00436nam a22001697a 4500 | ||
|---|---|---|---|
| 003 | MPLRDC | ||
| 005 | 20220104144451.0 | ||
| 008 | 210129b ||||| |||| 00| 0 eng d | ||
| 082 | _a307.9 SCTN c.2 | ||
| 100 | _a市场泰男 | ||
| 245 |
_a科学史上的九十九个谜 _c李耕新译 |
||
| 250 | _a一版一刷 | ||
| 260 |
_a _b山西人民出版社 _c1980 |
||
| 300 | _b平 | ||
| 650 | _a科学知识 | ||
| 942 |
_cBK _o307.9 SCTN c.2 |
||
| 999 |
_c49883 _d49873 |
||